[Event "Karpos Open 2013"]
[Site "Skopje MKD"]
[Date "2013.03.15"]
[Round "8.23"]
[White "Saric, Ante"]
[Black "Battaglini, Gabriel"]
[Result "1-0"]
[WhiteTitle "GM"]
[BlackTitle "IM"]
[WhiteElo "2549"]
[BlackElo "2436"]
[WhiteFideId "14506254"]
[BlackFideId "621650"]
[EventDate "2013.03.09"]

1. c4 Nf6 2. Nc3 e6 3. e4 d5 4. e5 d4 5. exf6 dxc3 6. bxc3 Qxf6 7. d4 Nd7 8. Nf3
h6 9. Bd3 g6 10. Be3 Bg7 11. Qd2 g5 12. Qe2 Qe7 13. h4 g4 14. Nd2 f5 15. f4 b6
16. g3 Bb7 17. O-O O-O 18. a4 a5 19. Rfe1 Qd6 20. Kh2 Rad8 21. Qf2 Rfe8 22. Bf1
Nf6 23. Bg2 Ba6 24. c5 Qd7 25. cxb6 cxb6 26. Rab1 Rb8 27. c4 Qxa4 28. d5 exd5
29. cxd5 Nd7 30. Bxb6 Bd3 31. Rxe8+ Rxe8 32. Re1 Rxe1 33. Qxe1 Nxb6 34. Qe6+ Kh7
35. Qxb6 Qd4 36. Qxa5 Qf2 37. Nb3 Qc2 38. d6 Be4 39. Qd2 Qxb3 40. d7 Bf6 41.
d8=Q Bxd8 42. Qd7+ Kg6 43. h5+ Kf6 44. Qxd8+ Kg7 45. Bxe4 fxe4 46. Qd7+ Kf6 47.
Qd6+ Kf7 48. Qg6+ Ke7 49. Qxe4+ Kd6 50. Qg6+ Kc5 51. Qxg4 Qc2+ 52. Kh3 Kd4 53.
Qe6 Qc1 54. Qxh6 Ke3 55. f5+ 1-0

[Event "Karpos Open 2013"]
[Site "Skopje MKD"]
[Date "2013.03.15"]
[Round "8.25"]
[White "Dancevski, Orce"]
[Black "Dvirnyy, Danyyil"]
[Result "0-1"]
[WhiteTitle "IM"]
[BlackTitle "IM"]
[WhiteElo "2395"]
[BlackElo "2530"]
[WhiteFideId "15000311"]
[BlackFideId "817570"]
[EventDate "2013.03.09"]

1. d4 Nf6 2. c4 c5 3. d5 e6 4. g3 exd5 5. cxd5 d6 6. Bg2 g6 7. Nf3 Bg7 8. O-O
O-O 9. Nc3 a6 10. a4 Re8 11. Nd2 Nbd7 12. Nc4 Ne5 13. Ne3 Nfg4 14. Nxg4 Bxg4 15.
h3 Bd7 16. Ne4 Bf5 17. Bg5 f6 18. Bc1 Bxe4 19. Bxe4 f5 20. Bg2 b5 21. Qc2 Qf6
22. Ra2 Nd7 23. Bf4 c4 24. axb5 axb5 25. b3 Nc5 26. bxc4 b4 27. Rxa8 Rxa8 28.
Rb1 Ra1 29. Kh2 Rxb1 30. Qxb1 b3 31. Qe1 Qc3 32. Bd2 Qc2 33. Bc1 Bc3 34. Qf1 Qb1
35. Ba3 Qxf1 36. Bxf1 b2 0-1

[Event "Karpos Open 2013"]
[Site "Skopje MKD"]
[Date "2013.03.15"]
[Round "8.26"]
[White "Drenchev, Petar"]
[Black "Goryachkina, Aleksandra"]
[Result "1-0"]
[WhiteTitle "GM"]
[BlackTitle "WGM"]
[WhiteElo "2491"]
[BlackElo "2386"]
[WhiteFideId "2903261"]
[BlackFideId "4147103"]
[EventDate "2013.03.09"]

1. e4 e5 2. Nf3 Nc6 3. Bc4 Bc5 4. b4 Bxb4 5. c3 Ba5 6. d4 exd4 7. Qb3 Qe7 8. O-O
Bb6 9. cxd4 Na5 10. Qd3 Nxc4 11. Qxc4 d6 12. a4 a5 13. Nc3 Be6 14. d5 Bg4 15. e5
Bxf3 16. exd6 Qxd6 17. Re1+ Kd8 18. gxf3 Qg6+ 19. Kf1 Nf6 20. Be3 Bxe3 21. Rxe3
Re8 22. Rae1 Qh5 23. Nb5 Rxe3 24. Rxe3 Qh3+ 25. Kg1 Qd7 26. d6 c6 27. Re7 Qf5
28. Qxf7 Qg6+ 29. Qxg6 hxg6 30. Nc7 Ra7 31. Ne6+ Kc8 32. d7+ 1-0

[Event "Karpos Open 2013"]
[Site "Skopje MKD"]
[Date "2013.03.15"]
[Round "8.28"]
[White "Goriatchkin, Jouri"]
[Black "Can, Emre"]
[Result "0-1"]
[WhiteTitle "FM"]
[BlackTitle "GM"]
[WhiteElo "2302"]
[BlackElo "2474"]
[WhiteFideId "4120183"]
[BlackFideId "6302181"]
[EventDate "2013.03.09"]

1. d4 Nf6 2. c4 e6 3. Nf3 c5 4. d5 exd5 5. cxd5 d6 6. Nc3 g6 7. g3 Bg7 8. Bg2
O-O 9. O-O Re8 10. Bf4 Na6 11. Nd2 Nh5 12. Be3 Nc7 13. a4 b6 14. Nc4 Ba6 15. Na3
Rxe3 16. fxe3 Qe7 17. Nc2 Nf6 18. Rf4 h5 19. Qd2 Ng4 20. Raf1 Rf8 21. Bh3 Ne5
22. b3 Ne8 23. e4 Nf6 24. Ne3 Nh7 25. Bg2 Bh6 26. Nb5 Bxb5 27. axb5 Qd7 28. Nc4
Qxb5 29. Qc2 Bxf4 30. gxf4 Nxc4 31. bxc4 Qe8 32. Ra1 Qe7 33. Qa4 Qf6 34. e3 Qc3
35. Ra3 Qc1+ 36. Kf2 Nf6 37. h3 Re8 38. Qxa7 Nxe4+ 39. Bxe4 Rxe4 40. Qa4 Kg7 0-1

[Event "Karpos Open 2013"]
[Site "Skopje MKD"]
[Date "2013.03.15"]
[Round "8.30"]
[White "Duman, Aydin"]
[Black "Baron, Tal"]
[Result "0-1"]
[BlackTitle "GM"]
[WhiteElo "2249"]
[BlackElo "2465"]
[WhiteFideId "6301304"]
[BlackFideId "2809958"]
[EventDate "2013.03.09"]

1. e4 e5 2. Nf3 Nc6 3. Bc4 Bc5 4. c3 Nf6 5. d3 a6 6. Bb3 Ba7 7. h3 h6 8. Nbd2
O-O 9. Nf1 d5 10. Qe2 Be6 11. g4 Na5 12. g5 dxe4 13. dxe4 Bxb3 14. axb3 Nxb3 15.
gxf6 Nxa1 16. fxg7 Re8 17. Ng3 Nb3 18. Bxh6 Nc5 19. O-O Qd3 20. Re1 Re6 21. Nf5
Rd8 22. Be3 Qxe2 23. Rxe2 Rd1+ 24. Kh2 Bb6 25. Ng5 Re8 26. f4 Ne6 27. fxe5 Bxe3
28. Nxe3 Rd3 29. Ng4 Kxg7 30. Nf6 Rh8 31. Ngh7 Nf4 32. Rf2 Rxh3+ 33. Kg1 Rh4 34.
Rxf4 Rxf4 35. Nh5+ Kxh7 36. Nxf4 Rd8 37. b4 Kh6 38. Kf2 Re8 39. Nd3 b6 40. Ke3
Kg5 0-1

[Event "Karpos Open 2013"]
[Site "Skopje MKD"]
[Date "2013.03.15"]
[Round "8.31"]
[White "Drazic, Sinisa"]
[Black "Petrov, Georgi"]
[Result "1-0"]
[WhiteTitle "GM"]
[WhiteElo "2459"]
[BlackElo "2200"]
[WhiteFideId "901172"]
[BlackFideId "15001440"]
[EventDate "2013.03.09"]

1. Nc3 d5 2. e4 dxe4 3. Nxe4 g6 4. d4 Bg7 5. Nf3 Nh6 6. Bc4 Nf5 7. c3 O-O 8. Bb3
b6 9. Bf4 Bb7 10. Qe2 a5 11. a4 Ba6 12. Bc4 Bxc4 13. Qxc4 Nd6 14. Qd3 Qc8 15.
Nxd6 cxd6 16. O-O d5 17. h4 Nd7 18. h5 Qc6 19. Rfe1 e6 20. g3 Qc4 21. Qd2 Rfc8
22. Kg2 b5 23. axb5 Qxb5 24. hxg6 hxg6 25. Rh1 Nb6 26. Be5 f6 27. Bf4 Kf7 28.
Bh6 Rh8 29. Qf4 Bxh6 30. Rxh6 Rxh6 31. Qxh6 Rg8 32. Qf4 Nc8 33. Ng5+ Ke7 34. Nh7 1-0

[Event "Karpos Open 2013"]
[Site "Skopje MKD"]
[Date "2013.03.15"]
[Round "8.32"]
[White "Yurtseven, Melih"]
[Black "Berkes, Ferenc"]
[Result "0-1"]
[BlackTitle "GM"]
[WhiteElo "2135"]
[BlackElo "2702"]
[WhiteFideId "6312160"]
[BlackFideId "718572"]
[EventDate "2013.03.09"]

1. d4 d6 2. Nf3 g6 3. Bf4 Bg7 4. e3 Nd7 5. h3 e5 6. Bh2 Nh6 7. Be2 O-O 8. O-O f5
9. c4 g5 10. dxe5 dxe5 11. Nc3 c6 12. Qc2 Qe7 13. Rad1 Kh8 14. Rd2 a5 15. Na4 g4
16. hxg4 fxg4 17. Ne1 Nf6 18. e4 Nf7 19. Nc3 Bh6 20. Nd3 Rg8 21. Re1 Bd7 22. Bf1
Raf8 23. Rdd1 g3 24. Bxg3 Rxg3 25. fxg3 Ng4 26. Rb1 Be3+ 27. Rxe3 Qg5 28. Nf2
Qxe3 29. Nd1 Qc5 30. Qd2 Nd6 31. b4 axb4 32. Qxb4 Nxe4 33. Qxc5 Nxc5 34. Nxg4
Bxg4 35. Nf2 Bf5 36. Rd1 Kg7 37. g4 Bg6 38. Rd2 Kf6 39. g3 Ra8 40. Kg2 Ra3 41.
Be2 e4 42. Nd1 Ke5 0-1

[Event "Karpos Open 2013"]
[Site "Skopje MKD"]
[Date "2013.03.15"]
[Round "8.33"]
[White "Parligras, Mircea-Emilian"]
[Black "Atakisi, Umut"]
[Result "1/2-1/2"]
[WhiteTitle "GM"]
[BlackTitle "IM"]
[WhiteElo "2616"]
[BlackElo "2328"]
[WhiteFideId "1204297"]
[BlackFideId "6301037"]
[EventDate "2013.03.09"]

1. d4 d5 2. c4 c6 3. Nc3 dxc4 4. e3 b5 5. a4 b4 6. Ne4 Qd5 7. Nd2 Ba6 8. Qc2 Nf6
9. Ngf3 c3 10. bxc3 Bxf1 11. Nxf1 Qc4 12. N1d2 Qxc3 13. Qb1 b3 14. O-O e6 15.
Nxb3 Be7 16. Ne5 Qb4 17. Ba3 Qb7 18. Na5 Qc7 19. Bxe7 Qxe7 20. Naxc6 Nxc6 21.
Nxc6 Qd6 22. Qb7 O-O 23. Rfc1 Ng4 24. g3 h5 25. Rc5 g6 26. Rb1 Kg7 27. Rbb5 Rac8
28. Kg2 h4 29. Ne5 Rxc5 30. Rxc5 Nxe5 31. Rxe5 hxg3 32. hxg3 Rb8 33. Qxa7 Rb1
34. Rc5 e5 35. d5 Ra1 36. a5 Qd8 37. Qc7 Qxc7 38. Rxc7 Rxa5 39. e4 Ra4 40. Kf3
Ra3+ 41. Ke2 Ra2+ 42. Ke3 Ra3+ 43. Kd2 Ra4 44. Kd3 g5 45. Re7 Kf6 46. Re8 Rd4+
47. Ke3 Ra4 48. d6 Ra3+ 49. Ke2 Ra2+ 50. Kf3 Rd2 51. Rd8 g4+ 52. Ke3 Rd4 53. Rg8
Rxd6 54. Rxg4 Ra6 55. Rg8 Ra3+ 56. Ke2 Ra4 57. Kf3 Ra3+ 58. Kg4 Ra4 59. f3 Rb4
60. Rg5 Ke6 61. Rf5 Rb8 62. Kh4 Rh8+ 63. Rh5 Rg8 64. g4 f6 65. Rh7 Rg5 66. Ra7
Kd6 67. Rf7 Ke6 68. Rh7 Kd6 69. Rh5 Rg8 70. Rh6 Ke6 71. Kg3 Rg7 72. Kf2 Rg8 73.
Ke3 Kf7 74. Rh7+ Kg6 75. Rh5 Kf7 76. Rh7+ Kg6 77. Re7 Ra8 78. Kf2 Rb8 79. Kg3
Ra8 80. Rb7 Rc8 81. Rb6 Ra8 82. Rb1 Rh8 83. Rb2 Rg8 84. Rh2 Kf7 85. Rh7+ Ke6 86.
Kh3 Rg6 87. Rh5 Rg7 88. Rf5 Rh7+ 89. Kg3 Rh1 90. g5 Rg1+ 91. Kh4 fxg5+ 92. Rxg5
Rh1+ 93. Kg4 Rg1+ 94. Kh5 Rh1+ 95. Kg6 Rh3 96. Rf5 Rg3+ 97. Kh5 Rg1 98. Kh4 Rh1+
99. Kg3 Rg1+ 100. Kf2 Rg8 101. Rh5 Rg6 102. Rh8 Ke7 103. Ra8 Rb6 104. Ra5 Kf6
105. Kg3 Rb7 106. Ra6+ Kg5 107. Re6 Rb5 108. Rc6 Rb1 109. Re6 Rb5 110. Re8 Kf6
111. Rf8+ Ke6 112. Rh8 Rb1 113. Rh6+ Ke7 114. Kg4 Rf1 115. Ra6 Rf2 116. Kf5
Rxf3+ 117. Kxe5 Rh3 118. Ra7+ Ke8 119. Kd5 Rh5+ 120. e5 Rh6 121. Ke4 Rb6 122.
Kf5 Rc6 123. Kg5 Rb6 124. Ra4 Ke7 125. Rf4 Rb8 126. Rf6 Rb1 127. Kf5 Rf1+ 128.
Ke4 Rxf6 129. exf6+ Kxf6 1/2-1/2

[Event "Karpos Open 2013"]
[Site "Skopje MKD"]
[Date "2013.03.15"]
[Round "8.36"]
[White "Indjic, Aleksandar"]
[Black "Piskur, Mitja"]
[Result "1-0"]
[WhiteTitle "IM"]
[BlackTitle "FM"]
[WhiteElo "2502"]
[BlackElo "2301"]
[WhiteFideId "911925"]
[BlackFideId "14600943"]
[EventDate "2013.03.09"]

1. d4 f5 2. Bg5 h6 3. Bh4 g5 4. e3 Nf6 5. Bg3 d6 6. Nc3 e6 7. h4 Rg8 8. hxg5
hxg5 9. Qd2 Qe7 10. O-O-O Nc6 11. f3 a6 12. e4 f4 13. Bf2 Bd7 14. g3 fxg3 15.
Bxg3 e5 16. Bc4 Rg6 17. Nge2 O-O-O 18. d5 Nb8 19. b4 b6 20. a4 Be8 21. Kb2 Rg7
22. Qd3 Kb7 23. Bf2 g4 24. f4 Nh5 25. Bh4 Nf6 26. f5 Rg8 27. Qe3 Nbd7 28. Bf2
Ra8 29. Ng3 Qg7 30. Qe2 a5 31. bxa5 Rxa5 32. Bb5 Nc5 33. Qc4 Bxb5 34. axb5 Be7
35. Ra1 Rga8 36. Rxa5 Rxa5 37. Be3 Qf8 38. Nf1 Qc8 39. Nd2 Ra3 40. Nb3 Nfd7 41.
Rh7 Bd8 42. Bxc5 Rxb3+ 43. cxb3 Nxc5 44. b4 Na4+ 45. Kb3 1-0

[Event "Karpos Open 2013"]
[Site "Skopje MKD"]
[Date "2013.03.15"]
[Round "8.37"]
[White "Cabarkapa, Novak"]
[Black "Berescu, Alin-Mile"]
[Result "1/2-1/2"]
[WhiteTitle "FM"]
[BlackTitle "GM"]
[WhiteElo "2321"]
[BlackElo "2477"]
[WhiteFideId "943746"]
[BlackFideId "1204920"]
[EventDate "2013.03.09"]

1. e4 e6 2. d4 d5 3. Nc3 Nf6 4. e5 Nfd7 5. f4 c5 6. Nf3 Nc6 7. Be3 a6 8. Qd2
cxd4 9. Nxd4 Bc5 10. g3 O-O 11. Bg2 Nb6 12. b3 Nxd4 13. Bxd4 Bxd4 14. Qxd4 Qc7
15. O-O-O Bd7 16. Kb2 Rfc8 17. Rd2 Qd8 18. f5 1/2-1/2

[Event "Karpos Open 2013"]
[Site "Skopje MKD"]
[Date "2013.03.15"]
[Round "8.38"]
[White "Perunovic, Miodrag"]
[Black "Ratkovic, Miloje"]
[Result "0-1"]
[WhiteTitle "IM"]
[WhiteElo "2445"]
[BlackElo "2249"]
[WhiteFideId "919993"]
[BlackFideId "914517"]
[EventDate "2013.03.09"]

1. d4 d5 2. c4 c6 3. Nf3 Nf6 4. e3 Bf5 5. Nc3 e6 6. Nh4 Be4 7. f3 Bg6 8. Qb3 Qc7
9. Bd2 Nbd7 10. g3 Be7 11. Nxg6 hxg6 12. O-O-O dxc4 13. Bxc4 b5 14. Be2 a5 15.
Qc2 a4 16. Nxb5 Qb7 17. Nc3 O-O 18. Kb1 Nd5 19. h4 Nb4 20. Qc1 Rfb8 21. Ka1 c5
22. h5 cxd4 23. exd4 Bf6 24. a3 Bxd4 25. axb4 a3 26. b5 axb2+ 27. Kxb2 Qd5 28.
Qb1 Nc5 29. Kc1 Rc8 30. b6 Nb3+ 31. Kc2 Nxd2 32. Rxd2 Ra2+ 33. Kd1 Rxd2+ 34.
Kxd2 Bxc3+ 35. Kc2 0-1

[Event "Karpos Open 2013"]
[Site "Skopje MKD"]
[Date "2013.03.15"]
[Round "8.40"]
[White "Veleski, Robert"]
[Black "Jacimovic, Dragoljub"]
[Result "0-1"]
[WhiteTitle "FM"]
[BlackTitle "GM"]
[WhiteElo "2267"]
[BlackElo "2433"]
[WhiteFideId "15001008"]
[BlackFideId "15000214"]
[EventDate "2013.03.09"]

1. c4 g6 2. Nc3 Bg7 3. g3 Nf6 4. Bg2 O-O 5. d3 c5 6. e3 Nc6 7. Nge2 a6 8. O-O
Rb8 9. d4 d6 10. b3 Bd7 11. Bb2 b5 12. cxb5 axb5 13. dxc5 dxc5 14. Qc1 Nb4 15.
Qd2 Bg4 16. Qxd8 Rfxd8 17. f3 Be6 18. Rad1 Nfd5 19. Nxd5 Nxd5 20. Bxg7 Kxg7 21.
Kf2 Nb4 22. Nc3 Nd3+ 23. Kg1 c4 24. bxc4 Bxc4 25. Rd2 b4 26. Ne4 f5 27. Nf2 Nf4
28. Rxd8 Ne2+ 29. Kh1 Rxd8 30. Rb1 Rb8 31. a3 b3 32. Nd1 Bd3 33. Ra1 b2 34. Nxb2
Rxb2 35. Bf1 e5 36. g4 e4 37. f4 Nc3 0-1

[Event "Karpos Open 2013"]
[Site "Skopje MKD"]
[Date "2013.03.15"]
[Round "8.42"]
[White "Goksel, Doga Cihan"]
[Black "Zlatanovic, Boroljub"]
[Result "0-1"]
[BlackTitle "FM"]
[WhiteElo "2260"]
[BlackElo "2412"]
[WhiteFideId "6301924"]
[BlackFideId "916390"]
[EventDate "2013.03.09"]

1. Nf3 g6 2. d4 Bg7 3. c4 d6 4. g3 e5 5. Nc3 Nc6 6. dxe5 Nxe5 7. Nxe5 Bxe5 8.
Bg2 Ne7 9. O-O Bg7 10. Bf4 O-O 11. Qd2 Nc6 12. Rac1 Be6 13. b3 Qd7 14. Rfd1 Rad8
15. Ne4 Bh3 16. Bh1 Bg4 17. Bh6 Qe7 18. Bxg7 Kxg7 19. f4 Rfe8 20. Re1 f6 21. Nc3
Qf7 22. Nd5 Nb8 23. e4 c6 24. Ne3 Bc8 25. b4 b6 26. Qc3 Bb7 27. Qd3 Na6 28. a3
Nc7 29. Ng4 c5 30. Qc3 Ne6 31. e5 fxe5 32. fxe5 Nd4 33. e6 Rxe6 34. Rf1 Qe7 35.
Rcd1 Re4 36. h3 h5 37. Nf2 Qe5 38. Rxd4 cxd4 0-1

[Event "Karpos Open 2013"]
[Site "Skopje MKD"]
[Date "2013.03.15"]
[Round "8.44"]
[White "Codenotti, Marco"]
[Black "Stamnov, Aleksander"]
[Result "0-1"]
[WhiteTitle "FM"]
[BlackTitle "FM"]
[WhiteElo "2402"]
[BlackElo "2156"]
[WhiteFideId "800015"]
[BlackFideId "15000664"]
[EventDate "2013.03.09"]

1. e4 e5 2. Nf3 Nc6 3. Bb5 a6 4. Ba4 Nf6 5. O-O Nxe4 6. d4 b5 7. Bb3 d5 8. dxe5
Be6 9. Nbd2 Nc5 10. c3 d4 11. Ng5 Qxg5 12. Qf3 O-O-O 13. Qxc6 Qxe5 14. cxd4 Qxd4
15. Bxe6+ fxe6 16. b4 Qxa1 17. bxc5 Qxa2 18. Nc4 Qxc4 19. Qxa6+ Kd7 20. Rd1+ Ke8
21. Qc6+ Kf7 22. Qf3+ Kg6 0-1

[Event "Karpos Open 2013"]
[Site "Skopje MKD"]
[Date "2013.03.15"]
[Round "8.45"]
[White "Ashiku, Franc"]
[Black "Sandalakis, Angelos"]
[Result "1-0"]
[WhiteElo "2202"]
[BlackElo "2401"]
[WhiteFideId "4700066"]
[BlackFideId "4207645"]
[EventDate "2013.03.09"]

1. e4 d5 2. Nc3 dxe4 3. Nxe4 Qd5 4. Nc3 Qa5 5. d4 Nf6 6. Bc4 Bf5 7. Nf3 e6 8.
Bd2 Bb4 9. Ne5 Qb6 10. O-O Bxc3 11. bxc3 c6 12. Qf3 Bxc2 13. Bg5 Qd8 14. Qe2 Bf5
15. g4 Bg6 16. h4 Qa5 17. h5 Be4 18. Bxf6 gxf6 19. Nxf7 1-0

[Event "Karpos Open 2013"]
[Site "Skopje MKD"]
[Date "2013.03.15"]
[Round "8.46"]
[White "Erturan, Yakup"]
[Black "Jankov, Dejan"]
[Result "1-0"]
[WhiteTitle "IM"]
[WhiteElo "2373"]
[BlackElo "2207"]
[WhiteFideId "6301410"]
[BlackFideId "15000931"]
[EventDate "2013.03.09"]

1. d4 d5 2. c4 e6 3. Nc3 Be7 4. Bf4 Nf6 5. e3 c6 6. cxd5 exd5 7. Bd3 O-O 8. Qc2
Nbd7 9. Nge2 Re8 10. O-O-O a6 11. Kb1 c5 12. dxc5 Nxc5 13. Bg5 Nxd3 14. Qxd3 Be6
15. Bxf6 Bxf6 16. Nxd5 Bxd5 17. Qxd5 Qb6 18. Qb3 Qc6 19. Nf4 Rad8 20. Nd5 b5 21.
Rd3 Rc8 22. Rhd1 h6 23. R3d2 Re4 24. Rc2 Rc4 25. Rxc4 bxc4 26. Qb6 Qe8 27. Nxf6+
gxf6 28. Qxf6 Qe4+ 29. Kc1 Qxg2 30. Rd7 Qf1+ 31. Kd2 Rf8 32. Rd4 1-0

[Event "Karpos Open 2013"]
[Site "Skopje MKD"]
[Date "2013.03.15"]
[Round "8.47"]
[White "Arat, Ufuk Sezen"]
[Black "Kanmazalp, Ogulcan"]
[Result "0-1"]
[BlackTitle "IM"]
[WhiteElo "2188"]
[BlackElo "2372"]
[WhiteFideId "6309089"]
[BlackFideId "6304990"]
[EventDate "2013.03.09"]

1. d4 Nf6 2. Nf3 e6 3. Nbd2 d5 4. e3 c5 5. c3 Nbd7 6. Bd3 Be7 7. O-O Qc7 8. Re1
b6 9. e4 dxe4 10. Nxe4 Bb7 11. Ne5 Nxe5 12. dxe5 Qxe5 13. Nxf6+ Qxf6 14. Qa4+
Kf8 15. Ba6 Bxa6 16. Qxa6 h5 17. Qb7 Rd8 18. Qxa7 e5 19. Be3 g6 20. b4 cxb4 21.
Bxb6 Re8 22. cxb4 Bxb4 23. Bc5+ Bxc5 24. Qxc5+ Kg7 25. a4 Re6 26. a5 Ra8 27. h3
e4 28. Ra4 Qf5 29. Qd4+ Qe5 30. Qb4 Qf5 31. Qc3+ Kh7 32. Rd1 Rf6 33. Qe1 Re6 34.
Rda1 Raa6 35. Qc3 Qb5 36. Qe3 Qe5 37. Re1 f5 38. Rd1 f4 39. Rd7+ Kh6 40. Qd4 e3
41. Qxe5 Rxe5 42. Kf1 e2+ 43. Ke1 Rae6 44. Rd2 Rb5 45. Ra1 f3 46. g3 Rc6 47.
Rda2 Rbc5 48. Kd2 Rd5+ 49. Ke1 Rcd6 0-1

[Event "Karpos Open 2013"]
[Site "Skopje MKD"]
[Date "2013.03.15"]
[Round "8.48"]
[White "Ali Marandi, Cemil Can"]
[Black "Steil-Antoni, Fiona"]
[Result "1-0"]
[WhiteTitle "FM"]
[BlackTitle "WIM"]
[WhiteElo "2371"]
[BlackElo "2152"]
[WhiteFideId "6300529"]
[BlackFideId "4001249"]
[EventDate "2013.03.09"]

1. e4 e5 2. Nf3 Nc6 3. Bb5 Nf6 4. O-O Nxe4 5. d4 Nd6 6. Ba4 exd4 7. c3 Be7 8.
cxd4 b5 9. Bb3 Bb7 10. Nc3 O-O 11. Bf4 Na5 12. Bc2 a6 13. Ne5 g6 14. Re1 Nac4
15. b3 Nb6 16. Qd2 Bf6 17. Re2 Nd5 18. Nxd5 Bxd5 19. Rae1 Bg7 20. Ng4 Nc8 21. h3
d6 22. Bh6 c6 23. Bxg7 Kxg7 24. Qh6+ Kg8 25. Re8 1-0

[Event "Karpos Open 2013"]
[Site "Skopje MKD"]
[Date "2013.03.15"]
[Round "8.49"]
[White "Ilic, Slobodan S"]
[Black "Vujic, Mihailo"]
[Result "0-1"]
[BlackTitle "FM"]
[WhiteElo "2109"]
[BlackElo "2361"]
[WhiteFideId "912883"]
[BlackFideId "918873"]
[EventDate "2013.03.09"]

1. c4 Nc6 2. Nc3 Nf6 3. Nf3 e5 4. g3 Nd4 5. Bg2 Nxf3+ 6. Bxf3 Bb4 7. Qc2 O-O 8.
O-O c6 9. d3 h6 10. a3 Bxc3 11. Qxc3 d6 12. b4 Bg4 13. Bb2 Bxf3 14. exf3 Qd7 15.
Kg2 Rfe8 16. Rfe1 Qf5 17. Rad1 h5 18. h3 Nh7 19. g4 Qg6 20. d4 e4 21. d5 Ng5 22.
fxe4 hxg4 23. hxg4 Rxe4 24. Rxe4 Nxe4 25. Qf3 Rc8 26. Rd4 cxd5 27. cxd5 Ng5 28.
Qd3 Rc2 29. Bc3 b5 30. Qxg6 fxg6 31. Bd2 Nf7 32. f4 g5 33. Kf1 gxf4 34. Bxf4 g5
35. Bd2 Ra2 36. Rd3 Ne5 37. Ke2 Nxd3 38. Kxd3 Rxa3+ 39. Kd4 0-1

[Event "Karpos Open 2013"]
[Site "Skopje MKD"]
[Date "2013.03.15"]
[Round "8.50"]
[White "Menzi, Nezihe Ezgi"]
[Black "Dinev, Dejan"]
[Result "0-1"]
[BlackTitle "FM"]
[WhiteElo "1889"]
[BlackElo "2357"]
[WhiteFideId "6310060"]
[BlackFideId "15000095"]
[EventDate "2013.03.09"]

1. e4 e6 2. d4 d5 3. Nc3 dxe4 4. Nxe4 Nf6 5. Ng3 c5 6. Bb5+ Bd7 7. Bxd7+ Qxd7 8.
Nf3 Nc6 9. Be3 O-O-O 10. dxc5 Nd5 11. Bd2 Bxc5 12. O-O h6 13. a3 g5 14. b4 Bd6
15. c4 Nf4 16. Bc3 Rhg8 17. b5 g4 18. bxc6 Qxc6 19. Ne1 h5 20. Qc2 h4 21. Ne4
Bc7 22. Bf6 Rd3 23. Nxd3 Qxe4 24. Ne1 Nh3+ 25. Kh1 Qf4 26. g3 Qxf6 27. Rb1 hxg3
28. hxg3 Rh8 29. Kg2 Nf4+ 30. gxf4 Qh4 0-1

[Event "Karpos Open 2013"]
[Site "Skopje MKD"]
[Date "2013.03.15"]
[Round "8.51"]
[White "Videnova, Iva"]
[Black "Kacakovski, Dimitar"]
[Result "1-0"]
[WhiteTitle "WGM"]
[BlackTitle "FM"]
[WhiteElo "2329"]
[BlackElo "2138"]
[WhiteFideId "2907763"]
[BlackFideId "15000052"]
[EventDate "2013.03.09"]

1. e4 e5 2. Nf3 Nc6 3. Bb5 a6 4. Ba4 Nf6 5. O-O Be7 6. Re1 b5 7. Bb3 O-O 8. h3
Bb7 9. d3 d6 10. a3 h6 11. Nbd2 Re8 12. Nf1 d5 13. exd5 Nxd5 14. Nxe5 Nd4 15.
Qh5 Rf8 16. Bxd5 Qxd5 17. Ne3 Qe6 18. f4 Bc5 19. Kh2 Rae8 20. b4 Bd6 21. Bb2 g6
22. Qxh6 Bxe5 23. fxe5 Qxe5+ 24. Kh1 Re6 25. Ng4 Qg3 26. Re4 Bxe4 27. dxe4 Rd8
28. Rd1 f5 29. Rxd4 Rxd4 30. Bxd4 Kf7 31. Qg7+ Ke8 32. Nf6+ Rxf6 33. Qxf6 f4 34.
e5 Qe1+ 35. Bg1 f3 36. Qxf3 Qxe5 1-0

[Event "Karpos Open 2013"]
[Site "Skopje MKD"]
[Date "2013.03.15"]
[Round "8.52"]
[White "Alishani, Ibrahim"]
[Black "Firat, Burak"]
[Result "0-1"]
[BlackTitle "IM"]
[WhiteElo "2167"]
[BlackElo "2428"]
[WhiteFideId "939609"]
[BlackFideId "6305881"]
[EventDate "2013.03.09"]

1. e4 c5 2. Nf3 e6 3. c3 Nf6 4. d3 d5 5. exd5 exd5 6. Bg5 Be7 7. Be2 O-O 8. O-O
Nc6 9. d4 Qb6 10. Bc1 Bf5 11. h3 Rfe8 12. dxc5 Bxc5 13. Nbd2 Bc2 14. Qxc2 Rxe2
15. Qd3 Bxf2+ 16. Kh1 Nh5 17. Nd4 Nxd4 18. Rxf2 Rxf2 19. cxd4 Re8 20. Nf3 Rf1+ 0-1

[Event "Karpos Open 2013"]
[Site "Skopje MKD"]
[Date "2013.03.15"]
[Round "8.53"]
[White "Petkovski, Vlatko"]
[Black "Stanojoski, Zvonko"]
[Result "0-1"]
[WhiteTitle "FM"]
[BlackTitle "GM"]
[WhiteElo "2158"]
[BlackElo "2413"]
[WhiteFideId "15000273"]
[BlackFideId "15000257"]
[EventDate "2013.03.09"]

1. e4 c5 2. Nf3 Nc6 3. d4 cxd4 4. Nxd4 g6 5. Nc3 Bg7 6. Be3 Nf6 7. Be2 O-O 8.
O-O d6 9. Kh1 Bd7 10. Nb3 a6 11. f4 b5 12. Bf3 b4 13. Nd5 Rb8 14. a3 Nxd5 15.
exd5 Na5 16. Nxa5 Qxa5 17. Ra2 Bf5 18. Bd2 Rfc8 19. b3 Qc7 20. axb4 Bxc2 21. Qe1
Bxb3 22. Rxa6 Bc4 23. Rc6 Qa7 24. Be3 Qb7 25. Rf2 Bxd5 26. Bxd5 Rxc6 27. Rc2
Rxc2 28. Bxb7 Rxb7 29. h4 Ra2 30. Kh2 Ra1 31. Qd2 Rb1 32. h5 R1xb4 33. hxg6 hxg6
34. Qe2 Bf6 35. f5 Be5+ 0-1